Statistics for 2010s Oscar Best Director Nominees

Click here to take the quiz!

General Stats

  • This quiz has been taken 103 times
  • The average score is 30 of 44

Answer Stats

MovieDirector% Correct
Inglourious BasterdsQuentin Tarantino
96%
Hugo, The Wolf of Wall StreetMartin Scorsese
95%
BlacKkKlansmanSpike Lee
92%
AvatarJames Cameron
92%
LincolnSteven Spielberg
91%
Gravity, RomaAlfonso Cuarón
91%
Life of PiAng Lee
89%
True GritJoel Coen
89%
True GritEthan Coen
89%
DunkirkChristopher Nolan
88%
The Shape of WaterGuillermo del Toro
88%
The Grand Budapest HotelWes Anderson
87%
Birdman, The RevenantAlejandro G. Iñárritu
87%
Phantom ThreadPaul Thomas Anderson
84%
The Social NetworkDavid Fincher
84%
Hacksaw RidgeMel Gibson
83%
La La LandDamien Chazelle
83%
Midnight in ParisWoody Allen
80%
12 Years a SlaveSteve McQueen
79%
Ger OutJordan Peele
79%
The Hurt LockerKathryn Bigelow
79%
Black SwanDarren Aronofsky
77%
Lady BirdGreta Gerwig
75%
The Fighter, Silver Linings Playbook, American HustleDavid O. Russell
73%
BoyhoodRichard Linklater
72%
MoonlightBarry Jenkins
65%
The King's SpeechTom Hooper
63%
The Big Short, ViceAdam McKay
63%
ArrivalDenis Villeneuve
61%
Mad Max: Fury RoadGeorge Miller
60%
FoxcatcherBennett Miller
57%
The FavouriteYorgos Lanthimos
57%
The Tree of LifeTerrence Malick
53%
AmourMichael Haneke
49%
The ArtistMichel Hazanavicius
43%
The Descendants, NebraskaAlexander Payne
40%
Up in the AirJason Reitman
39%
SpotlightTom McCarthy
35%
PreciousLee Daniels
33%
Manchester by the SeaKenneth Lonergan
32%
RoomLenny Abrahamson
31%
Cold WarPaweł Pawlikowski
25%
The Imitation GameMorten Tyldum
23%
Beasts of the Southern WildBenh Zeitlin
15%

Score Distribution

Percentile by Number Answered

Percent of People with Each Score

Your Score History

You have not taken this quiz